[Event "TCh-CHN 2016"]
[Site "China CHN"]
[Date "2016.12.03"]
[Round "20.1"]
[Board "5"]
[White "Zhang, Xiaowen"]
[Black "Padmini, Rout"]
[Result "0-1"]
[WhiteTitle "WGM"]
[BlackTitle "IM"]
[WhiteElo "2374"]
[BlackElo "2408"]
[WhiteTeam "Shanghai"]
[BlackTeam "Guangdong"]
[WhiteFideId "8603219"]
[BlackFideId "5029295"]
[EventDate "2016.04.12"]

1. e4 e6 2. d4 d5 3. Nd2 c5 4. exd5 Qxd5 5. Ngf3 cxd4 6. Bc4 Qd6 7. O-O Nf6 8.
Nb3 Nc6 9. Nbxd4 Nxd4 10. Nxd4 a6 11. Re1 Qc7 12. Bb3 Bd6 13. h3 O-O 14. Bg5
Bh2+ 15. Kh1 Bf4 16. Bxf6 gxf6 17. Qh5 Kh8 18. c3 Rg8 19. Qf3 Bd7 20. Rad1 Rg7
21. g3 Be5 22. Kh2 Rag8 23. Rg1 b5 24. Qe3 Bc8 25. Bc2 Bb7 26. Ne2 f5 27. f4 Bd6
28. Rd2 h5 29. b4 Be7 30. Qd4 Qc6 31. Qe3 Bf6 32. Nd4 Qc7 33. Ne2 h4 34. g4 e5
35. Bxf5 exf4 36. Nxf4 Qxc3 37. Qxc3 Bxc3 38. Rd6 f6 39. Nd3 Re8 40. Rc1 Bd2 41.
Rd1 Bg5 42. Kg1 Rge7 43. Kf1 Bf3 44. Re1 Be2+ 45. Kf2 Bd2 46. Rb1 Be3+ 47. Kg2
Bg5 48. Nc5 Re3 49. Rb3 Bc4 50. Rxe3 Rxe3 51. Rd8+ Kg7 52. Rd7+ Kf8 53. Rd8+ Kg7
54. Rd7+ Kf8 55. Rd8+ Ke7 56. Rd7+ Ke8 57. Ne4 Rxe4 0-1

[Event "TCh-CHN 2016"]
[Site "China CHN"]
[Date "2016.12.03"]
[Round "20.2"]
[Board "1"]
[White "Zhou, Weiqi"]
[Black "Yu, Yangyi"]
[Result "1/2-1/2"]
[WhiteTitle "GM"]
[BlackTitle "GM"]
[WhiteElo "2635"]
[BlackElo "2738"]
[WhiteTeam "Chongqing"]
[BlackTeam "Beijing"]
[WhiteFideId "8601674"]
[BlackFideId "8603820"]
[EventDate "2016.04.12"]

1. d4 f5 2. Nc3 Nf6 3. Bg5 d5 4. e3 e6 5. Bd3 Be7 6. Nge2 O-O 7. Nf4 Ne4 8. Bxe7
Qxe7 9. O-O c5 10. Nce2 b6 11. c4 dxc4 12. Bxe4 fxe4 13. Qc2 Re8 14. Rfd1 Bb7
15. dxc5 Qxc5 16. Rac1 b5 17. a4 a6 18. b3 Nc6 19. bxc4 bxa4 20. Qxa4 Ne5 21.
Nd4 Kf7 22. Nb3 Qc7 23. Na5 Rad8 24. h3 Ba8 25. Rb1 Rxd1+ 26. Rxd1 Rd8 27. Rxd8
Qxd8 28. Qa1 Qd6 29. Nh5 g6 30. Nf4 g5 31. Ne2 h5 1/2-1/2

[Event "TCh-CHN 2016"]
[Site "China CHN"]
[Date "2016.12.03"]
[Round "20.2"]
[Board "2"]
[White "Wang, Chen"]
[Black "Zhang, Zhong"]
[Result "1/2-1/2"]
[WhiteTitle "IM"]
[BlackTitle "GM"]
[WhiteElo "2514"]
[BlackElo "2634"]
[WhiteTeam "Chongqing"]
[BlackTeam "Beijing"]
[WhiteFideId "8601020"]
[BlackFideId "8600694"]
[EventDate "2016.04.12"]

1. e4 d6 2. Nc3 g6 3. f4 Bg7 4. Nf3 a6 5. g3 c5 6. Bg2 Nc6 7. O-O e6 8. h3 Nge7
9. Kh2 O-O 10. d3 Qc7 11. Ne2 f5 12. exf5 gxf5 13. d4 cxd4 14. Nexd4 Nxd4 15.
Nxd4 e5 16. Nf3 e4 17. Nd4 Qc4 18. Be3 Nd5 19. Bg1 Bd7 20. c3 b5 21. Qb3 Qxb3
22. axb3 b4 23. c4 Nc7 24. Ra5 d5 25. Rd1 dxc4 26. bxc4 Rad8 27. Bf1 Be8 28. Be2
Bg6 29. Nc6 Rxd1 30. Bxd1 Bxb2 31. Bc5 Rf6 32. Nxb4 Bf7 33. Be2 Bc3 34. Ra4 Rg6
35. Nc2 Rc6 36. Be3 Rd6 37. Kg2 h5 38. Ra3 Bd2 39. Kf2 Ne6 40. h4 Kh7 41. Rb3
Kg6 42. Rb8 Kf6 43. Rc8 a5 44. c5 Bxe3+ 45. Nxe3 Rd8 46. Rc6 Ra8 47. Bc4 Ra7 48.
Rd6 a4 49. Ba2 a3 50. c6 Ra5 51. c7 Rc5 52. Ra6 Ke7 53. Nxf5+ Kd7 54. Ne3 Nxc7
55. Rxa3 Nb5 56. Ra5 Bxa2 57. Rxa2 Nd6 58. Ra7+ Ke6 59. Rg7 Rb5 60. Rg6+ Kd7 61.
Rg5 Rb2+ 62. Ke1 Rb3 63. Kf2 Rb2+ 64. Ke1 Rb3 65. Ke2 Rb2+ 66. Kd1 Rb3 67. Kd2
Nb5 68. Nc4 Kc7 69. Rc5+ Kd8 70. Rxh5 Rd3+ 71. Ke1 Nc3 72. Re5 Rxg3 73. Kd2 Nb1+
74. Kc2 Rc3+ 75. Kxb1 Rxc4 76. h5 e3 77. f5 Kd7 78. h6 Rh4 79. Rxe3 1/2-1/2

[Event "TCh-CHN 2016"]
[Site "China CHN"]
[Date "2016.12.03"]
[Round "20.2"]
[Board "3"]
[White "Liu, Yan"]
[Black "Wang, Yiye"]
[Result "1/2-1/2"]
[WhiteTitle "FM"]
[BlackTitle "IM"]
[WhiteElo "2413"]
[BlackElo "2442"]
[WhiteTeam "Chongqing"]
[BlackTeam "Beijing"]
[WhiteFideId "8608962"]
[BlackFideId "8606021"]
[EventDate "2016.04.12"]

1. d4 Nf6 2. Nf3 e6 3. e3 c5 4. c4 d5 5. Nc3 Nc6 6. a3 a6 7. dxc5 Bxc5 8. b4 Ba7
9. Bb2 O-O 10. Be2 dxc4 11. Bxc4 b5 12. Ba2 Qxd1+ 13. Rxd1 Bb7 14. O-O Rfd8 15.
Bb1 Ne7 16. Rxd8+ Rxd8 17. Rd1 Rxd1+ 18. Nxd1 Nd7 19. Nd2 h6 20. Kf1 Kf8 21. h3
Bb6 22. Bd3 Ba7 23. Bb1 Bb6 24. Bd3 Ba7 1/2-1/2

[Event "TCh-CHN 2016"]
[Site "China CHN"]
[Date "2016.12.03"]
[Round "20.2"]
[Board "4"]
[White "Wang, Jue"]
[Black "Tan, Zhongyi"]
[Result "1/2-1/2"]
[WhiteTitle "WGM"]
[BlackTitle "WGM"]
[WhiteElo "2380"]
[BlackElo "2518"]
[WhiteTeam "Beijing"]
[BlackTeam "Chongqing"]
[WhiteFideId "8604070"]
[BlackFideId "8603642"]
[EventDate "2016.04.12"]

1. e4 e5 2. Nf3 Nc6 3. Bb5 a6 4. Ba4 Nf6 5. O-O Be7 6. d3 b5 7. Bb3 d6 8. a3 O-O
9. Nc3 Be6 10. Nd5 Na5 11. Nxf6+ Bxf6 12. Bxe6 fxe6 13. b4 Nc6 14. c3 a5 15. Qb3
Qd7 16. Be3 Ne7 17. Rfc1 h6 18. c4 bxc4 19. Qxc4 axb4 20. axb4 Rxa1 21. Rxa1 Rb8
22. Rc1 Kh7 23. h4 d5 24. Qb3 Qb5 25. Bc5 Nc6 26. exd5 exd5 27. Qxd5 Nxb4 28.
Qe4+ Kh8 29. Bxb4 Qxb4 30. Qxb4 Rxb4 31. Rxc7 Bxh4 32. Nxh4 Rxh4 33. Re7 Rd4 1/2-1/2

[Event "TCh-CHN 2016"]
[Site "China CHN"]
[Date "2016.12.03"]
[Round "20.2"]
[Board "5"]
[White "Zhao, Xue"]
[Black "Lei, Tingjie"]
[Result "1-0"]
[WhiteTitle "GM"]
[BlackTitle "WGM"]
[WhiteElo "2504"]
[BlackElo "2504"]
[WhiteTeam "Beijing"]
[BlackTeam "Chongqing"]
[WhiteFideId "8601283"]
[BlackFideId "8605114"]
[EventDate "2016.04.12"]

1. d4 d5 2. Nf3 Nf6 3. Bf4 c5 4. e3 Nc6 5. Be2 Bg4 6. c3 Bxf3 7. Bxf3 e6 8. Qb3
Qd7 9. Nd2 cxd4 10. exd4 Be7 11. Be2 Rc8 12. a4 O-O 13. O-O h6 14. Bg3 Ne8 15.
Bd3 Nd6 16. a5 Bd8 17. a6 b6 18. Qd1 Bc7 19. Qe2 Ne7 20. Nf3 Nc4 21. Ne5 Bxe5
22. dxe5 Nf5 23. Bf4 f6 24. exf6 Rxf6 25. Rfe1 Qf7 26. b3 Na5 27. Be5 Nxb3 28.
Ra3 Nc5 29. Bxf6 Qxf6 30. Bc2 Nd6 31. Qg4 Rf8 32. Qd4 Qxd4 33. cxd4 Nb5 34. dxc5
Nxa3 35. Bg6 bxc5 36. Rxe6 c4 37. Rc6 d4 38. Rc7 d3 39. Kf1 d2 40. Ke2 Rd8 41.
Kd1 Kf8 42. Rf7+ Kg8 43. Rc7 h5 44. h4 Kf8 45. Rf7+ Kg8 46. Rf3 Nb5 47. Bf7+ Kh7
48. Bxc4 Nc7 49. Rd3 Rf8 50. Rd7 Rc8 51. Kxd2 Kh8 52. Bd3 Kg8 53. Be4 Nb5 54.
Rb7 Rc5 55. Bd3 1-0

[Event "TCh-CHN 2016"]
[Site "China CHN"]
[Date "2016.12.03"]
[Round "20.3"]
[Board "2"]
[White "Lin, Yi"]
[Black "Lu, Shanglei"]
[Result "1/2-1/2"]
[BlackTitle "GM"]
[WhiteElo "2276"]
[BlackElo "2619"]
[WhiteTeam "Shenzhen"]
[BlackTeam "Zhejiang"]
[WhiteFideId "8602735"]
[BlackFideId "8603332"]
[EventDate "2016.04.12"]

1. d4 d6 2. Nf3 g6 3. c4 Bg7 4. Nc3 Nf6 5. e4 O-O 6. h3 Na6 7. Be3 e5 8. d5 Nh5
9. a3 f5 10. b4 Kh8 11. Rc1 c5 12. Qb3 b6 13. b5 Nc7 14. Bg5 Qe8 15. g3 a6 16.
a4 axb5 17. axb5 h6 18. Bd2 Nf6 19. exf5 Bxf5 20. g4 Bd7 21. Bg2 g5 22. Be3 Qg6
23. Nd2 Nce8 24. O-O Qf7 25. Ra1 Nc7 26. Nce4 Qe7 27. Nxf6 Bxf6 28. Ne4 Rfb8 29.
Qb2 Ne8 30. Rxa8 Rxa8 31. Ra1 Qd8 1/2-1/2

[Event "TCh-CHN 2016"]
[Site "China CHN"]
[Date "2016.12.03"]
[Round "20.3"]
[Board "3"]
[White "Zhao, Chenxi"]
[Black "Xu, Minghui"]
[Result "1/2-1/2"]
[WhiteElo "2035"]
[BlackElo "2305"]
[WhiteTeam "Shenzhen"]
[BlackTeam "Zhejiang"]
[WhiteFideId "8611513"]
[BlackFideId "8606790"]
[EventDate "2016.04.12"]

1. Nf3 Nf6 2. c4 c5 3. Nc3 Nc6 4. d4 cxd4 5. Nxd4 e6 6. Ndb5 d5 7. cxd5 Nxd5 8.
e4 Nxc3 9. Qxd8+ Kxd8 10. Nxc3 Bc5 11. Bf4 Ke7 12. Rc1 Bd7 13. Bd3 Bd4 14. O-O
Rhc8 15. Rfd1 Ne5 16. Bf1 Bxc3 17. Rxc3 Rxc3 18. bxc3 f6 19. Bxe5 fxe5 20. f3
Rc8 21. Rb1 b6 22. Rb3 Kd6 23. Kf2 Kc5 24. Ke3 Rd8 25. Be2 Bc6 26. Rb2 a5 27. a3
Rd7 28. Rb1 Rd8 29. Rb2 Rd7 30. Rb1 Rd8 31. Rb2 Rd7 1/2-1/2

[Event "TCh-CHN 2016"]
[Site "China CHN"]
[Date "2016.12.03"]
[Round "20.3"]
[Board "4"]
[White "Ding, Yixin"]
[Black "Xu, Yuze"]
[Result "1-0"]
[WhiteTitle "WGM"]
[WhiteElo "2426"]
[BlackElo "1812"]
[WhiteTeam "Zhejiang"]
[BlackTeam "Shenzhen"]
[WhiteFideId "8602972"]
[BlackFideId "8614466"]
[EventDate "2016.04.12"]

1. e4 c5 2. Nf3 Nc6 3. d4 cxd4 4. Nxd4 g6 5. c4 Nf6 6. Nc3 Nxd4 7. Qxd4 d6 8.
Be3 Bg7 9. Be2 O-O 10. Qd2 a5 11. Rd1 Be6 12. O-O a4 13. f4 Qa5 14. Bd4 Rfc8 15.
b3 axb3 16. axb3 Bd7 17. e5 dxe5 18. fxe5 Ng4 19. Nd5 Qxd2 20. Rxd2 Rd8 21. Bb6
Bh6 22. Rd4 Ne3 23. Bxd8 Nxf1 24. Nxe7+ Kf8 25. Rxd7 Ke8 26. Rd3 Rxd8 27. Rxd8+
Kxd8 28. Ng8 Bf4 29. Kxf1 Bxe5 30. Nh6 Ke7 31. Ng4 Bd6 32. h3 h5 33. Ne3 Bc5 34.
Nd5+ Kd6 35. Bf3 b6 36. Ke2 Ke5 37. Kd3 Bd4 38. b4 h4 39. Ne7 Bf2 40. Nc6+ Kf4
41. Nd8 f5 42. c5 bxc5 43. bxc5 Bxc5 44. Ne6+ Kg3 45. Nxc5 g5 46. Ke2 g4 47.
hxg4 fxg4 48. Bb7 h3 49. gxh3 gxh3 50. Kf1 Kh2 51. Ne4 Kh1 52. Kf2 Kh2 53. Ba8
Kh1 54. Ng3+ 1-0

[Event "TCh-CHN 2016"]
[Site "China CHN"]
[Date "2016.12.03"]
[Round "20.3"]
[Board "5"]
[White "Zhu, Jiner"]
[Black "Du, Yuxin"]
[Result "1-0"]
[WhiteElo "2095"]
[BlackElo "2074"]
[WhiteTeam "Zhejiang"]
[BlackTeam "Shenzhen"]
[WhiteFideId "8608059"]
[BlackFideId "8610282"]
[EventDate "2016.04.12"]

1. e4 c6 2. d4 d5 3. e5 Bf5 4. h4 h5 5. Bd3 Bxd3 6. Qxd3 e6 7. Bg5 Qb6 8. Nd2
Ne7 9. Ne2 Nf5 10. c4 Qa6 11. b3 Nd7 12. Ng3 Nxg3 13. fxg3 c5 14. O-O cxd4 15.
Rae1 Bb4 16. Qf3 O-O 17. cxd5 exd5 18. Qxh5 Rae8 19. Bf4 Qg6 20. Qd1 Re6 21. h5
Qh7 22. g4 Rc8 23. Qf3 Bxd2 24. Bxd2 Nxe5 25. Qxd5 Rce8 26. Qxd4 Qd3 27. Qxd3
Nxd3 28. Rxe6 Rxe6 29. Rd1 Ne5 30. g5 Rd6 31. Kf1 Rd4 32. Ke2 Re4+ 33. Kf1 Rd4
34. a4 a6 35. Re1 Rxd2 36. Rxe5 Rd3 37. Re8+ Kh7 38. Re7 Rg3 39. Rxb7 Rxg5 40.
Rb6 a5 41. Kf2 Rc5 42. g4 f6 43. Ke3 Kh6 44. Kf4 Rd5 45. Rb5 Rd4+ 46. Kf5 Rd3
47. Ke6 Rg3 48. Kd6 Rc3 49. Kd5 Rg3 50. Kc6 Rxg4 51. Rxa5 Rg3 52. b4 Rb3 53. Rb5
f5 54. a5 f4 55. a6 Ra3 56. Kb7 g6 57. hxg6 Kxg6 58. a7 f3 59. Rc5 f2 60. Rc1 1-0

[Event "TCh-CHN 2016"]
[Site "China CHN"]
[Date "2016.12.03"]
[Round "20.4"]
[Board "1"]
[White "Bai, Jinshi"]
[Black "Rapport, Richard"]
[Result "1/2-1/2"]
[WhiteTitle "GM"]
[BlackTitle "GM"]
[WhiteElo "2564"]
[BlackElo "2717"]
[WhiteTeam "Hangzhou"]
[BlackTeam "Chengdu"]
[WhiteFideId "8602280"]
[BlackFideId "738590"]
[EventDate "2016.04.12"]

1. Nf3 c5 2. c4 Nc6 3. Nc3 g6 4. e3 Bg7 5. d4 d6 6. Be2 h6 7. O-O g5 8. d5 Bxc3
9. bxc3 Na5 10. Nd2 Nf6 11. f4 Rg8 12. Qc2 Rg7 13. Ne4 Nxe4 14. Qxe4 Kd7 15. Qd3
Qg8 16. e4 gxf4 17. Bxf4 f6 18. Rf2 b6 19. Bxh6 Rh7 20. Bf4 Ba6 21. Qe3 Kc7 22.
Bd3 Bxc4 23. e5 fxe5 24. Bxh7 Qxh7 25. Bxe5 dxe5 26. Qxe5+ Kb7 27. Re1 Ka6 28.
Qxe7 Qd3 29. d6 Bb5 30. Re3 Qd5 31. Qe6 Qg5 32. Qe7 Qd5 33. Qe6 Qh5 34. Qe5 Qd1+
35. Re1 Qd3 36. Re3 Qd1+ 37. Re1 Qd3 38. Re3 Qd1+ 1/2-1/2

[Event "TCh-CHN 2016"]
[Site "China CHN"]
[Date "2016.12.03"]
[Round "20.4"]
[Board "2"]
[White "Ma, Qun"]
[Black "Li, Di"]
[Result "1-0"]
[WhiteTitle "GM"]
[BlackTitle "FM"]
[WhiteElo "2613"]
[BlackElo "2420"]
[WhiteTeam "Hangzhou"]
[BlackTeam "Chengdu"]
[WhiteFideId "8603154"]
[BlackFideId "8607508"]
[EventDate "2016.04.12"]

1. e4 e5 2. Nf3 Nf6 3. Nc3 Bb4 4. Nxe5 O-O 5. Nd3 Bxc3 6. dxc3 Nxe4 7. Be2 Re8
8. O-O d6 9. Re1 Nd7 10. Bf1 Nec5 11. Nxc5 Nxc5 12. Bg5 Rxe1 13. Qxe1 Qd7 14. f3
Qe6 15. Qh4 Bd7 16. b4 h6 17. bxc5 hxg5 18. Qxg5 dxc5 19. Qxc5 Qb6 20. Qxb6 axb6
21. a3 Ra5 22. Kf2 Rc5 23. Rd1 Bf5 24. Rd8+ Kh7 25. Bd3 Bxd3 26. Rxd3 Kg6 27.
Ke3 Kf6 28. Kd2 Ke6 29. Rd4 g5 30. a4 Ra5 31. Rc4 Kd6 32. Rb4 f6 33. Kd3 Ra8 34.
Rd4+ Ke6 35. Re4+ Kd6 36. h3 f5 37. Rd4+ Ke6 38. Rb4 Rd8+ 39. Ke2 Ra8 40. Ke3
Rd8 41. Rb5 Ra8 42. Rb4 Rd8 43. Rb5 Ra8 44. g4 fxg4 45. hxg4 Kf6 46. Rb4 Re8+
47. Kd3 Rh8 48. Rb5 Ra8 49. Rf5+ Kg6 50. f4 gxf4 51. Rxf4 Rh8 52. Kc4 Rh2 53.
Kb3 Rh7 54. c4 Kg5 55. Re4 Kf6 56. c3 Rh8 57. Kb4 Ra8 58. c5 bxc5+ 59. Kxc5 Ra6
60. Kb4 Rb6+ 61. Ka3 Ra6 62. Kb3 Ra5 63. Re8 b5 64. axb5 Rxb5+ 65. Kc4 Rg5 66.
Re4 c6 67. Kd3 Rg6 68. c4 Rg5 69. Ke3 Rg8 70. Kf4 c5 71. Re1 Rd8 72. g5+ Kg6 73.
Re6+ Kf7 74. Kf5 Rd4 75. g6+ Kg7 76. Re7+ Kf8 77. Re4 Rd6 78. Re5 Rc6 79. Re6
Rc7 80. Ke5 Kg7 81. Kd6 Rc8 82. Kd7 Ra8 83. Kd6 Rc8 84. Kd5 1-0

[Event "TCh-CHN 2016"]
[Site "China CHN"]
[Date "2016.12.03"]
[Round "20.4"]
[Board "3"]
[White "Gao, Rui"]
[Black "Zhao, Yuanhe"]
[Result "0-1"]
[WhiteTitle "GM"]
[WhiteElo "2552"]
[BlackElo "2313"]
[WhiteTeam "Hangzhou"]
[BlackTeam "Chengdu"]
[WhiteFideId "8602387"]
[BlackFideId "8609497"]
[EventDate "2016.04.12"]

1. e4 e5 2. Nf3 Nf6 3. Nxe5 d6 4. Nf3 Nxe4 5. d4 d5 6. Bd3 Nc6 7. O-O Be7 8.
Nbd2 Bf5 9. Re1 Nxd2 10. Qxd2 Bxd3 11. Qxd3 O-O 12. Bd2 Qd7 13. Re2 Bd6 14. Rae1
Ne7 15. Bf4 Nc6 16. Bxd6 Qxd6 17. c3 Rad8 18. h4 a6 19. Re3 Qg6 20. Qd2 f6 21.
Qd1 Qg4 22. Qb3 Na5 23. Qb4 Nc4 24. Re7 Qc8 25. h5 Nd6 26. Qb3 c6 27. Qc2 Rfe8
28. h6 Rxe7 29. Rxe7 Nf5 30. Re1 Nxh6 31. Qe2 Nf5 32. c4 dxc4 33. Qxc4+ Rd5 34.
Nd2 Nxd4 35. Ne4 Qe6 36. Kf1 b5 37. Qc3 Nf5 38. g4 Nd4 39. Qb4 Nc2 0-1

[Event "TCh-CHN 2016"]
[Site "China CHN"]
[Date "2016.12.03"]
[Round "20.4"]
[Board "4"]
[White "Ushenina, Anna"]
[Black "Gu, Tianlu"]
[Result "1-0"]
[WhiteTitle "GM"]
[BlackTitle "WIM"]
[WhiteElo "2459"]
[BlackElo "2255"]
[WhiteTeam "Chengdu"]
[BlackTeam "Hangzhou"]
[WhiteFideId "14110911"]
[BlackFideId "8603995"]
[EventDate "2016.04.12"]

1. d4 d5 2. c4 c6 3. Nf3 Nf6 4. Qc2 dxc4 5. Qxc4 Bg4 6. Nbd2 Nbd7 7. g3 e6 8.
Bg2 Be7 9. O-O O-O 10. Qb3 Nb6 11. e3 Qd5 12. Ne5 Qxb3 13. Nxb3 Be2 14. Re1 Ba6
15. Bd2 Rad8 16. Rec1 Nfd7 17. Nxd7 Rxd7 18. a4 Rc8 19. Nc5 Bxc5 20. Rxc5 Rdc7
21. Bb4 Nd5 22. Ba3 b6 23. Rc2 Bd3 24. Rd2 Bc4 25. e4 Nf6 26. a5 Rd7 27. Rc1 Ba6
28. axb6 axb6 29. b3 c5 30. Bb2 Rcd8 31. Rcd1 Bb7 32. f3 cxd4 33. Rxd4 Rxd4 34.
Rxd4 Rxd4 35. Bxd4 Nd7 36. Bf1 Bc6 37. Kf2 Kf8 38. Ke3 e5 39. Bb2 f6 40. Bc4 b5
41. Ba3+ Ke8 42. Bg8 h6 43. Kd3 Nb8 44. Bd6 Nd7 45. Kc3 f5 46. Bh7 fxe4 47. Bxe4
Bxe4 48. fxe4 Kf7 49. Kb4 Ke6 50. Bc7 Nf6 51. Kxb5 Nxe4 52. b4 Nc3+ 53. Kc6 e4
54. b5 e3 55. Ba5 Nd5 56. b6 Ne7+ 57. Kc5 Kd7 58. Bc3 e2 59. Be1 g6 60. Bf2 h5
61. Kd4 Kc6 62. Kd3 e1=Q 63. Bxe1 Kxb6 64. Ke4 Kc6 65. Ke5 Nd5 66. Bd2 Ne7 67.
Ke6 Nf5 68. Kf6 h4 69. g4 Nd4 70. Kxg6 Nf3 71. Bf4 Kd5 72. Kf6 Ke4 73. Bc7 h3
74. g5 Nh4 75. g6 Nf5 76. g7 Nh6 77. Kg6 Ng8 78. Kf7 Nh6+ 79. Kf8 Kf5 80. g8=Q
Nxg8 81. Kxg8 Kg6 82. Bg3 Kh6 83. Kf7 Kh5 84. Kf6 Kh6 85. Kf5 1-0

[Event "TCh-CHN 2016"]
[Site "China CHN"]
[Date "2016.12.03"]
[Round "20.4"]
[Board "5"]
[White "Ren, Xiaoyi"]
[Black "Dzagnidze, Nana"]
[Result "0-1"]
[BlackTitle "GM"]
[WhiteElo "2157"]
[BlackElo "2535"]
[WhiteTeam "Chengdu"]
[BlackTeam "Hangzhou"]
[WhiteFideId "8608709"]
[BlackFideId "13601903"]
[EventDate "2016.04.12"]

1. d4 Nf6 2. Bf4 c5 3. e3 b6 4. Nf3 Bb7 5. Nbd2 g6 6. Bd3 Bg7 7. c3 Nc6 8. O-O
O-O 9. Qe2 d6 10. Ba6 Qc8 11. Bxb7 Qxb7 12. Rfd1 Rac8 13. h3 Rfe8 14. Bg5 cxd4
15. exd4 b5 16. Rac1 Nd5 17. Ne4 Na5 18. Re1 f5 19. Ned2 e5 20. dxe5 dxe5 21. c4
bxc4 22. Nxc4 Nxc4 23. Rxc4 e4 24. Nd4 Rxc4 25. Qxc4 Rc8 26. Qb5 Qxb5 27. Nxb5
h6 28. Rc1 Rb8 29. Rc5 hxg5 30. Rxd5 a6 31. Nc7 Rxb2 32. Rd8+ Kh7 33. Ne6 Bf6
34. Rf8 Be5 35. g3 Kh6 36. Rf7 e3 37. fxe3 Bxg3 38. a4 Bf2+ 39. Kf1 Bxe3 40. Nf8
g4 41. h4 Kh5 42. Rh7+ Bh6 43. Ne6 g3 44. a5 Rd2 45. Rh8 Rh2 46. Ng7+ Kg4 47.
Rxh6 Kf3 48. Ke1 Rh1+ 49. Kd2 g2 50. Rxg6 f4 51. h5 g1=Q 52. Rxg1 Rxg1 53. Ne6
Rh1 54. Ng7 Kg2 55. Ne6 f3 0-1

[Event "TCh-CHN 2016"]
[Site "China CHN"]
[Date "2016.12.03"]
[Round "20.5"]
[Board "2"]
[White "Dai, Changren"]
[Black "Zhao, Jun"]
[Result "0-1"]
[BlackTitle "GM"]
[WhiteElo "2361"]
[BlackElo "2634"]
[WhiteTeam "Tianjing"]
[BlackTeam "Shandong"]
[WhiteFideId "8608156"]
[BlackFideId "8602522"]
[EventDate "2016.04.12"]

1. e4 e5 2. Nf3 Nc6 3. Bb5 a6 4. Ba4 Nf6 5. O-O Be7 6. Re1 b5 7. Bb3 d6 8. c3
O-O 9. h3 Nb8 10. d4 Nbd7 11. Nbd2 Bb7 12. Bc2 Re8 13. a4 Bf8 14. Bd3 c6 15. b4
Qc7 16. axb5 cxb5 17. Bb2 d5 18. dxe5 Nxe5 19. Nxe5 Rxe5 20. Nf3 Rxe4 21. Bxe4
dxe4 22. Nd4 Re8 23. Nf5 Qe5 24. Ne3 Bd6 25. c4 Qh2+ 26. Kf1 Bxb4 27. Bxf6 Qh1+
28. Ke2 Qxe1+ 29. Qxe1 Bxe1 30. cxb5 axb5 31. Ra7 Bc8 32. Nd5 Bb4 33. Nxb4 gxf6
34. Ke3 Be6 35. Rb7 Bc4 36. Nc6 Bf1 37. g3 Bxh3 38. Rxb5 Kg7 39. Nd4 Bg4 40. Kf4
h5 41. Nf5+ Bxf5 42. Rxf5 Kg6 43. Ra5 Re5 44. Ra2 e3 45. fxe3 Rf5+ 46. Ke4 Rf1
47. Rh2 f5+ 48. Kd3 Rf3 49. Rg2 Kg5 50. Ke2 Kg4 51. Rf2 Rxf2+ 52. Kxf2 Kh3 53.
Kf3 f6 54. Kf2 Kh2 55. Kf3 Kg1 56. Kf4 Kg2 57. Kxf5 Kxg3 0-1

[Event "TCh-CHN 2016"]
[Site "China CHN"]
[Date "2016.12.03"]
[Round "20.5"]
[Board "3"]
[White "Malakhov, Vladimir"]
[Black "Wen, Yang"]
[Result "1-0"]
[WhiteTitle "GM"]
[BlackTitle "GM"]
[WhiteElo "2695"]
[BlackElo "2614"]
[WhiteTeam "Tianjing"]
[BlackTeam "Shandong"]
[WhiteFideId "4120787"]
[BlackFideId "8602956"]
[EventDate "2016.04.12"]

1. e4 e5 2. Nf3 Nc6 3. Bc4 Nf6 4. d3 Be7 5. O-O O-O 6. Re1 d6 7. a4 h6 8. a5 a6
9. h3 Nh7 10. Nc3 Ng5 11. Bxg5 Bxg5 12. Nd5 Bf6 13. c3 g6 14. Nxf6+ Qxf6 15. d4
Kg7 16. Qd3 Re8 17. Bb3 Bd7 18. Ba4 Rad8 19. d5 Nb8 20. Bxd7 Nxd7 21. b4 Rb8 22.
c4 Rec8 23. Nd2 c5 24. dxc6 Rxc6 25. Nf1 Nf8 26. b5 Rc5 27. Ne3 Qd8 28. Red1 Ra8
29. Qxd6 Qxd6 30. Rxd6 axb5 31. Rd5 Rxd5 32. cxd5 Nd7 33. f3 Kf8 34. d6 Nf6 35.
Rc1 Ne8 36. d7 Nd6 37. Rd1 Ke7 38. Nd5+ Kd8 39. Nb6 Rxa5 40. Rxd6 Ra6 41. f4 b4
42. fxe5 b3 43. e6 1-0

[Event "TCh-CHN 2016"]
[Site "China CHN"]
[Date "2016.12.03"]
[Round "20.5"]
[Board "4"]
[White "Zhai, Mo"]
[Black "Ni, Shiqun"]
[Result "0-1"]
[WhiteTitle "WGM"]
[BlackTitle "WGM"]
[WhiteElo "2371"]
[BlackElo "2363"]
[WhiteTeam "Shandong"]
[BlackTeam "Tianjing"]
[WhiteFideId "8600201"]
[BlackFideId "8608466"]
[EventDate "2016.04.12"]

1. d4 Nf6 2. c4 g6 3. g3 c6 4. Bg2 d5 5. Qa4 Nfd7 6. cxd5 Nb6 7. Qb3 cxd5 8. Nc3
Nc6 9. e3 e6 10. Nge2 Bg7 11. O-O O-O 12. Rd1 Re8 13. e4 dxe4 14. Nxe4 Nd5 15.
N4c3 Nxc3 16. bxc3 Na5 17. Qc2 Bd7 18. Rb1 Qc8 19. h4 Bc6 20. f3 h6 21. c4 Bd5
22. c5 b6 23. Bf4 Qc6 24. Qd3 Bxa2 25. Rbc1 Qb7 26. Qd2 Bc4 27. Qe3 Rac8 28. Be5
Bxe5 29. Qxe5 bxc5 30. Nc3 Qc7 31. Ne4 Qxe5 32. dxe5 Red8 33. Rd6 Bd5 34. Rxc5
Bxe4 35. Rxd8+ Rxd8 36. Rxa5 Rd1+ 37. Kf2 Rd2+ 38. Kg1 Bd5 39. Rxa7 Re2 40. Ra5
h5 41. Kf1 Rxe5 42. Kf2 Rf5 43. Ra3 g5 44. hxg5 Rxg5 45. f4 Rf5 46. Ra5 Kg7 47.
Bf3 Kg6 48. Be2 Be4 49. Ra4 Bc6 50. Rc4 Bb5 51. Rb4 Bxe2 52. Kxe2 Ra5 53. Rb3
Kf5 54. Kf3 Rc5 55. Ra3 Rb5 56. Rc3 f6 57. Rc8 Rb3+ 58. Kf2 h4 59. gxh4 Kxf4 60.
Rc4+ Kf5 61. Ke2 e5 62. Kf2 e4 63. h5 Rh3 64. Rc5+ Kg4 65. Rc8 Rxh5 66. Ke3 f5
67. Rg8+ Rg5 68. Rh8 Kg3 69. Rh7 Rg8 70. Rf7 Kg4 71. Rh7 f4+ 72. Kxe4 Re8+ 73.
Kd3 Kg3 74. Rg7+ Kf2 75. Rf7 f3 76. Ra7 Kg2 77. Kd2 Re2+ 78. Kd3 Kf1 79. Rf7 f2
80. Ra7 Re1 81. Rg7 Rd1+ 82. Kc2 Rd5 83. Kc3 Ke2 84. Re7+ Kf3 85. Rf7+ Ke3 86.
Kc2 Rd4 0-1

[Event "TCh-CHN 2016"]
[Site "China CHN"]
[Date "2016.12.03"]
[Round "20.6"]
[Board "1"]
[White "Lin, Chen"]
[Black "Fang, Yuxiang"]
[Result "1/2-1/2"]
[WhiteTitle "GM"]
[BlackTitle "IM"]
[WhiteElo "2526"]
[BlackElo "2502"]
[WhiteTeam "Jiangsu"]
[BlackTeam "Qingdao"]
[WhiteFideId "8602298"]
[BlackFideId "8605840"]
[EventDate "2016.04.12"]

1. e4 e5 2. Nf3 Nc6 3. Bb5 Nf6 4. O-O Nxe4 5. Re1 Nd6 6. a4 Be7 7. Nc3 O-O 8. d4
e4 9. Nxe4 Nxe4 10. Rxe4 a6 11. Bf1 d5 12. Re1 Bg4 13. c3 Qd7 14. h3 Bh5 15. Ne5
Nxe5 16. Qxh5 Ng6 17. Bd3 Rfe8 18. Bd2 Bd6 19. g3 c6 20. Kg2 Rxe1 21. Rxe1 Re8
22. Qg4 Qd8 23. Bg5 Be7 24. Be3 Nf8 25. h4 Nd7 26. Qf3 Nf6 27. Bg5 h6 28. Bd2
Bd6 29. Rxe8+ Nxe8 30. Qf5 Nf6 31. h5 Qd7 32. Qxd7 Nxd7 33. Bf5 Nb8 34. a5 Kf8
35. Bc8 Ke7 36. Bxb7 Kd7 37. b3 Kc7 38. Ba8 Nd7 39. c4 dxc4 40. bxc4 c5 41. dxc5
Nxc5 42. Bc3 f6 43. f4 Na4 44. Bd2 f5 45. Bd5 Kd7 46. Kf3 Be7 47. g4 Bf6 48. Bb4
Bd4 49. gxf5 Nc5 50. f6 gxf6 51. Kg4 Be3 52. Kf5 Nd3 53. Ke4 Nxb4 54. Kxe3 Kd6
55. Kd4 Nc2+ 56. Ke4 Nb4 57. Kf5 Nd3 58. Bb7 Nc5 59. Bg2 Ke7 60. Bd5 Nd3 61. Be4
Nc5 62. Bh1 Nd3 63. Bb7 Nc5 64. Bc8 Kf7 65. Kg4 Ke7 66. Bf5 Nb3 67. Bd3 Ke6 68.
c5 Nxa5 69. Bf5+ Ke7 70. Bc8 Nb3 71. c6 Nd4 72. Bxa6 1/2-1/2